| 000 | 00576nam a2200181Ia 4500 | ||
|---|---|---|---|
| 008 | 151202s9999||||xx |||||||||||||| ||und|| | ||
| 082 | _bPNVM-22672 | ||
| 100 | _aगोखले विद्याार. | ||
| 245 | _aमंदारमाला. | ||
| 260 | _b"सु.वि. गोखले, मुंबई." | ||
| 260 | _c1963 | ||
| 300 | _a71 | ||
| 600 | _aगोखले विद्याार. | ||
| 630 | _aमंदारमाला. | ||
| 700 | _aगोखले विद्याार. | ||
| 730 | _aमंदारमाला. | ||
| 942 | _cBOOK | ||
| 999 |
_c1288647 _d1288644 |
||